| 000 | 00912nam a22003137a 4500 | ||
|---|---|---|---|
| 001 | BR9101414 | ||
| 003 | BR-BrBNA | ||
| 005 | 20230928093541.0 | ||
| 007 | ta | ||
| 008 | 230509b bl.||||| |||| 00| 0 por d | ||
| 040 |
_aBR-BrBNA _bpor _cBiblioteca Nacional de Agricultura |
||
| 041 | _a(Por) | ||
| 072 |
_aE70; E14 _b/G514 |
||
| 090 | _ E70 BR9101414 | ||
| 110 | 1 |
_aSecretaria de Estado da Agricultura, Aracaju, SE (Brasil) _98793 |
|
| 245 | 1 | _aRelatorio de atividades 1987 - Secretaria de Estado da Agricultura de Sergipe | |
| 260 | 3 |
_aAracaju, SE (Brasil): _c1988. |
|
| 300 | _a32 p. | ||
| 500 | _a15 illus. | ||
| 650 | _aCLASSIFICACAO DE PRODUTO | ||
| 650 | _aINSPECAO SANITARIA | ||
| 650 | _aBENEFICIAMENTO | ||
| 650 | _aASSISTENCIA TECNICA | ||
| 650 | _aEXTENSAO RURAL | ||
| 650 | _aINSTITUICAO DE PESQUISA | ||
| 650 | _aSERGIPE | ||
| 909 |
_a202309 _bLucia _c55 _dLucia Elande |
||
| 942 | _cBK | ||
| 999 |
_c45640 _d45640 |
||